| 000 | 00646nam a22002417a 4500 | ||
|---|---|---|---|
| 001 | BS2023000568 | ||
| 003 | BR-BrBNA | ||
| 005 | 20231208115923.0 | ||
| 008 | 231208b bl.||||| |||| 00| 0 por d | ||
| 020 | _a85-7316-325-9 | ||
| 040 |
_aBR-BrBNA _bpor |
||
| 041 | _apor | ||
| 072 | _aB60 | ||
| 100 |
_4aut. _aSandroni, Cícero |
||
| 245 |
_aCarlos Heitor Cony : _bQuase Cony / _cCícero Sandroni |
||
| 260 |
_aRio de Janeiro, RJ : _bRelume Dumará : Prefeitura, _c2003. |
||
| 300 | _a137 p. | ||
| 650 | _aCONY, CARLOS HEITOR | ||
| 856 | _yTexto integral | ||
| 909 |
_a78 _bAna Lívia Fragoso Lopes |
||
| 942 | _cBK | ||
| 999 |
_c259914 _d259914 |
||